Criminal Law. (Record no. 262)

MARC details
000 -LEADER
fixed length control field 01223cas a2200349Ia 4500
001 - CONTROL NUMBER
control field 16676673
003 - CONTROL NUMBER IDENTIFIER
control field OSt
005 - DATE AND TIME OF LATEST TRANSACTION
control field 20110411160605.0
008 - FIXED-LENGTH DATA ELEMENTS--GENERAL INFORMATION
fixed length control field 100309c20069999pauar 0 0eng d
010 ## - LIBRARY OF CONGRESS CONTROL NUMBER
LC control number 2011208311
Canceled/invalid LC control number 2010931278
020 ## - INTERNATIONAL STANDARD BOOK NUMBER
International Standard Book Number 0199231638
035 ## - SYSTEM CONTROL NUMBER
System control number (OCoLC)ocn549438917
040 ## - CATALOGING SOURCE
Original cataloging agency DLA
Transcribing agency DLA
043 ## - GEOGRAPHIC AREA CODE
Geographic area code n-us-pa
050 #4 - LIBRARY OF CONGRESS CALL NUMBER
Classification number KFP575.A75
Item number C75
082 ## - DEWEY DECIMAL CLASSIFICATION NUMBER
Classification number 345 CAR
100 ## - MAIN ENTRY--PERSONAL NAME
Personal name card, Richard.
9 (RLIN) 12
245 00 - TITLE STATEMENT
Title Criminal Law.
Statement of responsibility, etc Richard Card
260 ## - PUBLICATION, DISTRIBUTION, ETC. (IMPRINT)
Place of publication, distribution, etc New York :
Name of publisher, distributor, etc Oxford University Press,
Date of publication, distribution, etc 2008.
300 ## - PHYSICAL DESCRIPTION
Extent Ixx, 849.;
Dimensions 29 cm.
310 ## - CURRENT PUBLICATION FREQUENCY
Current publication frequency Annual
362 0# - DATES OF PUBLICATION AND/OR SEQUENTIAL DESIGNATION
Dates of publication and/or sequential designation 2006-
504 ## - BIBLIOGRAPHY, ETC. NOTE
Bibliography, etc s.
650 #0 - SUBJECT ADDED ENTRY--TOPICAL TERM
Topical term or geographic name as entry element Criminal law
Geographic subdivision Pennsylvania.
9 (RLIN) 775
710 2# - ADDED ENTRY--CORPORATE NAME
Corporate name or jurisdiction name as entry element Pennsylvania Bar Institute.
9 (RLIN) 776
830 #0 - SERIES ADDED ENTRY--UNIFORM TITLE
Uniform title PBI (Series)
9 (RLIN) 777
906 ## - LOCAL DATA ELEMENT F, LDF (RLIN)
a 7
b ibc
c serials
d 2
e ncip
f 20
g n-oclcserc
942 ## - ADDED ENTRY ELEMENTS (KOHA)
Source of classification or shelving scheme Dewey Decimal Classification
Koha item type Books
Holdings
Withdrawn status Lost status Source of classification or shelving scheme Damaged status Not for loan Home library Current library Shelving location Date acquired Total Checkouts Full call number Barcode Date last seen Price effective from Koha item type
    Dewey Decimal Classification     Law Development Centre Main Library Law Development Centre Main Library Text Books and Laws 04/11/2011   345 CAR 16809 04/11/2011 04/11/2011 Books
    Dewey Decimal Classification     Law Development Centre Main Library Law Development Centre Main Library Text Books and Laws 04/11/2011   345 CAR 16909 04/11/2011 04/11/2011 Books